[Event "Gipuzkoa-ch U16"]
[Site "Donostia"]
[Date "2010.11.07"]
[Round "4.3"]
[White "Cestero Portu, Julen"]
[Black "Elduayen Etxave, Ramon"]
[Result "1/2-1/2"]
[WhiteElo "1517"]
[BlackElo "1455"]
[PlyCount "87"]
[EventDate "2010.10.17"]
[EventType "swiss"]
[EventRounds "5"]
[EventCountry "ESP"]
[SourceTitle "EXT 2024"]
[Source "ChessBase"]
[SourceDate "2023.10.10"]
[SourceVersion "1"]
[SourceVersionDate "2023.10.10"]
[SourceQuality "1"]

1. e4 d6 2. Nc3 Nf6 3. g3 e5 4. d3 Bg4 5. Nf3 Nc6 6. Be2 Be7 7. Ng5 Bxe2 8. Nxe2 0-0 9. 0-0 Qd7 10. Nc3 h6 11. Nf3 Qh3 12. Kh1 Ng4 13. Ne2 f5 14. Neg1 Qh5 15. h4 g5 16. Kg2 gxh4 17. Nh3 hxg3 18. fxg3 Nd4 19. Nxd4 exd4 20. Rh1 Ne3+ 21. Bxe3 Qxd1 22. Raxd1 dxe3 23. Nf4 Bg5 24. Kf3 Bxf4 25. gxf4 fxe4+ 26. dxe4 e2 27. Rde1 Rf6 28. Rxe2 Raf8 29. Rh4 Kh7 30. c4 Rg8 31. Rg2 Rxg2 32. Kxg2 Rg6+ 33. Kf2 Kg7 34. f5 Rf6 35. Rg4+ Kf7 36. Kg3 c6 37. Kf4 b5 38. b3 a6 39. a4 Ke7 40. Rg7+ Rf7 41. Rg6 Rf6 42. Rg7+ Rf7 43. Rg6 Rf6 44. Rg7+ 1/2-1/2